[Event "Sparkassen-Open J"]
[Site "Heusenstamm, Martinsee"]
[Date "2022.11.19"]
[Round "3.1"]
[White "Sydykov, Bayastan"]
[Black "Meitzner, Johan Eduard"]
[Result "1-0"]
[WhiteElo "1681"]
[BlackElo "1191"]
[PlyCount "49"]
[EventDate "2022.??.??"]
[WhiteTeam "SK 1858 Gießen"]
[BlackTeam "1. Eichsfelder Sportclub"]

1. e4 c5 2. c3 Nf6 3. e5 Nd5 4. d4 cxd4 5. cxd4 Nc6 6. Nf3 d6 7. exd6 Qxd6 8.
Nc3 Bg4 9. h3 Qe6+ 10. Be2 Bxf3 11. gxf3 O-O-O 12. Ne4 Nb6 13. Be3 Qd5 14. Qc2
e6 15. O-O f5 16. Nc3 Qd7 17. Nb5 Kb8 18. Bf4+ e5 19. dxe5 Qe6 20. Rfd1 Nd5 21.
Bc4 Ncb4 22. Bxd5 Nxd5 23. Rac1 Be7 24. Rxd5 Qxd5 25. e6+ 1-0

[Event "Sparkassen-Open J"]
[Site "Heusenstamm, Martinsee"]
[Date "2022.11.19"]
[Round "3.2"]
[White "Papadopoulos, Kyriakos"]
[Black "Rudolph, Alexander"]
[Result "0-1"]
[WhiteElo "1331"]
[BlackElo "1434"]
[PlyCount "120"]
[EventDate "2022.??.??"]
[WhiteTeam "VSG 1880 Offenbach"]
[BlackTeam "SK Tarrasch München"]

1. d4 d5 2. c4 dxc4 3. e4 e5 4. d5 Nf6 5. Nc3 b5 6. f3 Bb4 7. Bd2 c6 8. dxc6
Qb6 9. Nd5 Bxd2+ 10. Qxd2 Qxc6 11. Nc3 O-O 12. Nge2 Be6 13. a3 Na6 14. Ng3 Rfd8
15. Qf2 Nc5 16. Be2 Rd3 17. O-O Rad8 18. Bxd3 Nxd3 19. Qc2 Nd7 20. Rad1 a5 21.
Na2 N7c5 22. Qf2 Na4 23. Qd2 Qb6+ 24. Kh1 Nf2+ 25. Qxf2 Rxd1 26. Qxb6 Rxf1+ 27.
Nxf1 Nxb6 28. Ne3 Na4 29. Nd1 Kf8 30. Nac3 Nxc3 31. bxc3 Ke7 32. Ne3 b4 33.
axb4 axb4 34. Nd1 b3 35. Nb2 Kd6 36. Kg1 Kc5 37. Kf2 f5 38. Ke3 g6 39. g3 Kd6
40. Kf2 Ke7 41. h3 Kf6 42. g4 fxe4 43. fxe4 h5 44. Kg3 Kg7 45. h4 hxg4 46. Nd1
Kh6 47. Nb2 Kh5 48. Nd1 Bd7 49. Nb2 Bb5 50. Nd1 Bc6 51. Nb2 Bxe4 52. Nxc4 Bc6
53. Nb2 e4 54. Kf2 Kxh4 55. Nd1 g3+ 56. Kg1 e3 57. Kf1 g2+ 58. Kg1 e2 59. Nf2
e1=Q+ 60. Kh2 g1=Q# 0-1

[Event "Sparkassen-Open J"]
[Site "Heusenstamm, Martinsee"]
[Date "2022.11.19"]
[Round "3.3"]
[White "Glavev, Danail"]
[Black "Draude, Theo"]
[Result "1-0"]
[WhiteElo "1289"]
[BlackElo "1208"]
[PlyCount "55"]
[EventDate "2022.??.??"]
[WhiteTeam "SK Bad Homburg 1927"]
[BlackTeam "SF Korbach"]

1. e4 c5 2. Nf3 d6 3. d4 cxd4 4. Nxd4 Nf6 5. Nc3 a6 6. Bc4 e6 7. O-O Be7 8. h3
b5 9. Bb3 O-O 10. Re1 Bb7 11. e5 dxe5 12. Rxe5 b4 13. Na4 Nc6 14. Re1 Qxd4 15.
Qe2 Rfd8 16. Be3 Qh4 17. Nb6 Rab8 18. Nc4 Nd4 19. Qf1 Bd5 20. Bxd4 Qxd4 21.
Rad1 Qh4 22. Ne5 Ne4 23. Bxd5 exd5 24. Nc6 Bc5 25. Nxd8 Bxf2+ 26. Kh2 Qf4+ 27.
g3 Nxg3 28. Re8# 1-0

[Event "Sparkassen-Open J"]
[Site "Heusenstamm, Martinsee"]
[Date "2022.11.19"]
[Round "3.4"]
[White "Sreeramulu, Aarush"]
[Black "Kim, David"]
[Result "1-0"]
[WhiteElo "1526"]
[BlackElo "1312"]
[PlyCount "97"]
[EventDate "2022.??.??"]
[WhiteTeam "SK Marburg 1931/72"]
[BlackTeam "SV 1920 Hofheim"]

1. d4 d5 2. c4 e6 3. Nc3 Nc6 4. Nf3 Nf6 5. Bg5 Be7 6. e3 h6 7. Bh4 O-O 8. Be2
b6 9. O-O Ba6 10. cxd5 exd5 11. Bxa6 Nb4 12. Bb5 c6 13. Be2 b5 14. Ne5 Rc8 15.
a3 Na6 16. a4 Qb6 17. Bxf6 Bxf6 18. Nd7 Qd8 19. Nxf8 Qxf8 20. axb5 Nb4 21. bxc6
Nxc6 22. Nxd5 Qd6 23. Nxf6+ Qxf6 24. Bf3 a6 25. Qa4 Nb8 26. Rac1 Rd8 27. Rc7
Kh7 28. Qc4 Rf8 29. Be4+ g6 30. Bd5 Kg7 31. Rc8 Nd7 32. Rxf8 Nxf8 33. Ra1 Qf5
34. h3 h5 35. Rxa6 Nh7 36. Ra7 Nf6 37. Rxf7+ Kh6 38. e4 Qg5 39. e5 Nxd5 40.
Qxd5 h4 41. Qf3 Qc1+ 42. Kh2 Qg5 43. Qf4 Qxf4+ 44. Rxf4 Kg7 45. e6 Kg8 46. e7
Kg7 47. e8=Q Kh6 48. Qh8+ Kg5 49. Qxh4# 1-0

[Event "Sparkassen-Open J"]
[Site "Heusenstamm, Martinsee"]
[Date "2022.11.19"]
[Round "3.5"]
[White "Shymanskyi, Illia"]
[Black "Stehning, Toni"]
[Result "1-0"]
[WhiteElo "1259"]
[BlackElo "1505"]
[PlyCount "79"]
[EventDate "2022.??.??"]
[WhiteTeam "SC Steinbach"]
[BlackTeam "SF Braunfels"]

1. e4 e5 2. Nf3 Nc6 3. Bb5 a6 4. Ba4 Nf6 5. O-O Nxe4 6. Re1 Nc5 7. c3 d6 8.
Bxc6+ bxc6 9. d4 Ne6 10. dxe5 d5 11. Nd4 c5 12. Nxe6 Bxe6 13. Nd2 Qd7 14. Nf3
Rb8 15. h3 Be7 16. b3 Rb6 17. Bg5 h6 18. Bxe7 Qxe7 19. a3 g5 20. b4 g4 21. hxg4
Bxg4 22. Qxd5 Rb8 23. bxc5 Rg8 24. Nd4 Qg5 25. Qe4 h5 26. e6 fxe6 27. Qc6+ Kf8
28. Qxc7 Re8 29. Qd6+ Kf7 30. Rab1 Bf3 31. g3 Ba8 32. Nxe6 Qd5 33. Nd8+ Kg7 34.
Re7+ Rxe7 35. Qxe7+ Kh6 36. Rb6+ Rg6 37. Nf7+ Kg7 38. Ng5+ Kh6 39. Qh7+ Kxg5
40. Qxg6# 1-0

[Event "Sparkassen-Open J"]
[Site "Heusenstamm, Martinsee"]
[Date "2022.11.19"]
[Round "3.6"]
[White "Dietrich, Fabian"]
[Black "Meitzner, Jonathan Franz"]
[Result "1-0"]
[WhiteElo "1471"]
[BlackElo "1302"]
[PlyCount "49"]
[EventDate "2022.??.??"]
[WhiteTeam "SK Marburg 1931/72"]
[BlackTeam "1. Eichsfelder Sportclub"]

1. e4 c5 2. Nf3 a6 3. d4 cxd4 4. Nxd4 e5 5. Nb3 Nf6 6. Nc3 Nc6 7. Be3 Be7 8. f3
O-O 9. Qd2 b5 10. O-O-O d6 11. g4 Be6 12. h4 Rc8 13. h5 b4 14. Nd5 a5 15. g5
Nd7 16. Kb1 Bxd5 17. exd5 Ncb8 18. Bd3 f5 19. g6 f4 20. gxh7+ Kh8 21. Ba7 Nf6
22. Rdg1 Nxh7 23. Qg2 Bg5 24. Bxh7 Kxh7 25. Qxg5 1-0

[Event "Sparkassen-Open J"]
[Site "Heusenstamm, Martinsee"]
[Date "2022.11.19"]
[Round "3.7"]
[White "Will, Elina"]
[Black "Stehning, Michel"]
[Result "1-0"]
[WhiteElo "1381"]
[BlackElo "1136"]
[PlyCount "53"]
[EventDate "2022.??.??"]
[WhiteTeam "TuS Makkabi Wiesbaden"]
[BlackTeam "SF Braunfels"]

1. e4 e5 2. Nf3 Nc6 3. d4 exd4 4. Nxd4 Nf6 5. Nc3 Bb4 6. Nxc6 bxc6 7. Bd3 d5 8.
exd5 cxd5 9. O-O O-O 10. Bg5 Bb7 11. Qf3 c5 12. Qf5 Re8 13. Bxf6 Qxf6 14. Qxh7+
Kf8 15. Qh8+ Ke7 16. Rfe1+ Kd7 17. Bb5+ Bc6 18. Bxc6+ Qxc6 19. Qxg7 Rad8 20.
Rxe8 Rxe8 21. Qxf7+ Kd6 22. Qf6+ Re6 23. Qd8+ Ke5 24. Re1+ Kf4 25. g3+ Kf3 26.
Rxe6 Qxe6 27. Qxd5+ 1-0

[Event "Sparkassen-Open J"]
[Site "Heusenstamm, Martinsee"]
[Date "2022.11.19"]
[Round "3.8"]
[White "Li, Xiao Teng"]
[Black "Jung, Lukas"]
[Result "0-1"]
[WhiteElo "1173"]
[BlackElo "1237"]
[PlyCount "48"]
[EventDate "2022.??.??"]
[WhiteTeam "SK Bad Homburg 1927"]
[BlackTeam "SK Marburg 1931/72"]

1. e4 e5 2. Nf3 Nc6 3. d4 Qe7 4. d5 Nd4 5. Nxd4 exd4 6. Qxd4 Nf6 7. Bd3 d6 8.
O-O g6 9. Nc3 Bg7 10. Qe3 Ng4 11. Qg3 Be5 12. f4 Bd4+ 13. Kh1 h5 14. Ne2 Bb6
15. b3 h4 16. Qe1 Bd7 17. Bb2 Rg8 18. Nc3 g5 19. f5 Qe5 20. g3 hxg3 21. Qxg3
Qxg3 22. hxg3 Rh8+ 23. Kg2 Rh2+ 24. Kf3 Ne5# 0-1

[Event "Sparkassen-Open J"]
[Site "Heusenstamm, Martinsee"]
[Date "2022.11.19"]
[Round "3.9"]
[White "Himmelspacht, Maxim"]
[Black "Paschedag, Vivien"]
[Result "1-0"]
[WhiteElo "1538"]
[BlackElo "919"]
[PlyCount "111"]
[EventDate "2022.??.??"]
[WhiteTeam "SK 1858 Gießen"]
[BlackTeam "SC Heusenstamm"]

1. e4 e5 2. Nf3 Nc6 3. d4 exd4 4. Nxd4 Bc5 5. Be3 Qf6 6. c3 Nge7 7. Bc4 O-O 8.
O-O d6 9. Nxc6 Nxc6 10. Bxc5 dxc5 11. Nd2 Qg6 12. Kh1 Ne5 13. Be2 Bg4 14. Bxg4
Nxg4 15. Qe2 Qh5 16. h3 Nf6 17. Qe3 Nd7 18. Nf3 f5 19. exf5 Qxf5 20. Rad1 Rae8
21. Qd3 Ne5 22. Nxe5 Rxe5 23. Qxf5 Rexf5 24. Rd2 b5 25. Kg1 b4 26. f3 Re8 27.
Rfd1 Kf7 28. Kf1 Re7 29. Rd5 Rfe5 30. Rxe5 Rxe5 31. Rd7+ Re7 32. Rd5 bxc3 33.
bxc3 Kf6 34. Rxc5 Rd7 35. Ke2 Re7+ 36. Kf2 Rd7 37. a4 Rd2+ 38. Kg3 Ra2 39. Ra5
Ra3 40. c4 Rc3 41. Rc5 Ra3 42. a5 a6 43. Rc6+ Kf7 44. Rxc7+ Kg8 45. Rc8+ Kf7
46. Rc7+ Kg8 47. Rc5 Rc3 48. Rc6 Rc2 49. Rxa6 Rxc4 50. Rb6 Rc5 51. a6 Ra5 52.
Kg4 Kf7 53. Rb7+ Ke6 54. Rxg7 Rxa6 55. Rxh7 Ra2 56. g3 1-0

[Event "Sparkassen-Open J"]
[Site "Heusenstamm, Martinsee"]
[Date "2022.11.19"]
[Round "3.10"]
[White "Rafikova, Ailin"]
[Black "Zargaran, Sepas"]
[Result "1-0"]
[WhiteElo "1238"]
[BlackElo "1222"]
[PlyCount "69"]
[EventDate "2022.??.??"]
[WhiteTeam "SK Sandhausen"]
[BlackTeam "VSG 1880 Offenbach"]

1. e4 c5 2. Nf3 Nc6 3. d4 cxd4 4. Nxd4 g6 5. Nc3 Bg7 6. Be3 Nf6 7. f3 Qb6 8.
Na4 Qb4+ 9. c3 Qa5 10. Qc2 Nxe4 11. Nxc6 dxc6 12. fxe4 b5 13. Nc5 b4 14. Nb3
Qc7 15. cxb4 Rb8 16. a3 Be6 17. Nc5 a5 18. Na6 Qb7 19. Nxb8 Qxb8 20. Qxc6+ Kf8
21. Qb6 Qc8 22. Rc1 Qe8 23. Bb5 Bd7 24. Bxd7 Bc3+ 25. Rxc3 Qxd7 26. Bh6+ Ke8
27. Qb8+ Qd8 28. Rc8 f6 29. Rxd8+ Kf7 30. Rxh8 Ke6 31. Qc8+ Ke5 32. Qc5+ Kxe4
33. O-O f5 34. Re1+ Kd3 35. Rd8# 1-0

[Event "Sparkassen-Open J"]
[Site "Heusenstamm, Martinsee"]
[Date "2022.11.19"]
[Round "3.12"]
[White "Jung, Felix"]
[Black "Feick, Claas Marten"]
[Result "1-0"]
[WhiteElo "1315"]
[BlackElo "1016"]
[PlyCount "103"]
[EventDate "2022.??.??"]
[WhiteTeam "SK Marburg 1931/72"]
[BlackTeam "SF Neuberg"]

1. e4 c6 2. d4 d5 3. e5 e6 4. Nf3 Be7 5. Bd3 Nd7 6. Bf4 c5 7. Bb5 a6 8. Bd3
cxd4 9. Nxd4 Qa5+ 10. c3 Bc5 11. Nb3 Qb6 12. O-O Ne7 13. Qg4 Ng6 14. Nxc5 Qxc5
15. Be3 Qc7 16. Bxg6 hxg6 17. Qd4 f6 18. Qg4 Nf8 19. Nd2 b5 20. Rfe1 Bb7 21.
Bd4 f5 22. Qg3 O-O-O 23. Qe3 Nd7 24. Nf3 Rdf8 25. Ng5 f4 26. Qf3 Qc6 27. Qg4
Rf5 28. Nh3 Nf8 29. Nxf4 g5 30. Nh5 g6 31. Ng7 Rh4 32. Nxf5 exf5 33. Qxg5 Rg4
34. Qf6 Ne6 35. h3 Re4 36. Qxg6 Kb8 37. Rxe4 dxe4 38. Qxf5 e3 39. f3 Nxd4 40.
cxd4 Qc4 41. Qf4 Qe2 42. Rf1 Bd5 43. e6+ Ka7 44. e7 Qc4 45. e8=Q Bb7 46. Qfb8+
Kb6 47. Qed8+ Kc6 48. d5+ Kc5 49. Qbc7+ Kb4 50. Qa5+ Kc5 51. Qdc7+ Kxd5 52.
Rd1+ 1-0

[Event "Sparkassen-Open J"]
[Site "Heusenstamm, Martinsee"]
[Date "2022.11.19"]
[Round "3.13"]
[White "Weyerer, Elea"]
[Black "Löffelholz, Simon"]
[Result "1-0"]
[WhiteElo "1018"]
[BlackElo "1264"]
[PlyCount "69"]
[EventDate "2022.??.??"]
[WhiteTeam "SV Oberursel"]
[BlackTeam "1. Eichsfelder Sportclub"]

1. d4 Nf6 2. Bf4 b6 3. Nc3 Bb7 4. e4 e6 5. e5 Nd5 6. Nxd5 Bxd5 7. Nf3 Be7 8. c4
Bb7 9. g3 O-O 10. Bg2 d6 11. O-O f6 12. Qc2 Nd7 13. Rfe1 Re8 14. exf6 Bxf6 15.
h4 Bxf3 16. Bxf3 Rc8 17. Rad1 e5 18. dxe5 Nxe5 19. Bxe5 Bxe5 20. Bd5+ Kh8 21.
Bc6 Rf8 22. Rxe5 Qf6 23. Ree1 Rf7 24. Re2 Qh6 25. Rde1 Rcf8 26. Bd5 Rf6 27. Re8
g6 28. Rxf8+ Rxf8 29. Qc3+ Qg7 30. Qxg7+ Kxg7 31. Re7+ Kh6 32. g4 Rf4 33. Be6
Re4 34. g5+ Kh5 35. Rxh7# 1-0

[Event "Sparkassen-Open J"]
[Site "Heusenstamm, Martinsee"]
[Date "2022.11.19"]
[Round "3.14"]
[White "Schwab, Florentin"]
[Black "Englert, Ann"]
[Result "0-1"]
[WhiteElo "1005"]
[BlackElo "1246"]
[PlyCount "50"]
[EventDate "2022.??.??"]
[WhiteTeam "SC Aschaffenburg"]
[BlackTeam "TV-Großostheim"]

1. e4 c5 2. Nf3 Nc6 3. d4 cxd4 4. Nxd4 g6 5. Nc3 Bg7 6. Be3 Nf6 7. f3 O-O 8.
Qd2 e6 9. O-O-O d5 10. exd5 Nxd5 11. Nxd5 Qxd5 12. Kb1 Qe5 13. c3 Qc7 14. Nxc6
Qxc6 15. Bh6 b5 16. h4 a5 17. h5 b4 18. Rc1 bxc3 19. Qe3 Rb8 20. b3 a4 21. Bxg7
axb3 22. Qxc3 bxa2+ 23. Ka1 Qb6 24. Bxf8 Qb1+ 25. Rxb1 axb1=Q# 0-1

[Event "Sparkassen-Open J"]
[Site "Heusenstamm, Martinsee"]
[Date "2022.11.19"]
[Round "3.15"]
[White "Kukhtichev, Maksim"]
[Black "Henzelmann, Matthias"]
[Result "1-0"]
[WhiteElo "1242"]
[BlackElo "980"]
[PlyCount "55"]
[EventDate "2022.??.??"]
[WhiteTeam "SK Bad Homburg 1927"]
[BlackTeam "SC Heuchelheim"]

1. e4 e5 2. Nf3 Nc6 3. d4 exd4 4. Bc4 Nf6 5. O-O d5 6. exd5 Nxd5 7. Nxd4 Nf6 8.
Nxc6 Qxd1 9. Rxd1 bxc6 10. Nc3 Bc5 11. Bf4 Bb6 12. Re1+ Kf8 13. Rad1 Bb7 14.
Na4 Ba5 15. c3 g6 16. Be5 Kg7 17. Nc5 Bc8 18. Nb3 Bb6 19. Nd4 Bd7 20. Nf3 Bg4
21. h3 Bxf3 22. gxf3 Rhe8 23. Rd7 Rxe5 24. Rxf7+ Kh8 25. Rxe5 Nh5 26. Ree7 Kg8
27. Rg7+ Kh8 28. Rxh7# 1-0

[Event "Sparkassen-Open J"]
[Site "Heusenstamm, Martinsee"]
[Date "2022.11.19"]
[Round "3.16"]
[White "Biallas, Flynn"]
[Black "Staat, Christian"]
[Result "0-1"]
[WhiteElo "998"]
[BlackElo "1220"]
[PlyCount "62"]
[EventDate "2022.??.??"]
[WhiteTeam "SK Marburg 1931/72"]
[BlackTeam "VSG 1880 Offenbach"]

1. e4 e5 2. Nf3 Nc6 3. Bc4 Bc5 4. b4 Bxb4 5. c3 Ba5 6. Qb3 Qe7 7. O-O Bb6 8. d3
Na5 9. Qa4 Nxc4 10. Qxc4 d6 11. d4 Bd7 12. Re1 O-O-O 13. Bg5 f6 14. Be3 a6 15.
d5 Bxe3 16. Rxe3 f5 17. Nbd2 fxe4 18. Nxe4 Nf6 19. Rb1 Bb5 20. Qb4 Nxd5 21. Qb3
Nxe3 22. fxe3 Bd3 23. Qxb7+ Kd7 24. Rb4 Rb8 25. Qd5 Bxe4 26. Rxe4 Rb1+ 27. Kf2
Rf8 28. Kg3 Rf5 29. Nxe5+ Rxe5 30. Rxe5 Qxe5+ 31. Qxe5 dxe5 0-1

[Event "Sparkassen-Open J"]
[Site "Heusenstamm, Martinsee"]
[Date "2022.11.19"]
[Round "3.18"]
[White "Ninnemann, Patrick"]
[Black "Carls, Bela"]
[Result "1-0"]
[WhiteElo "875"]
[BlackElo "1207"]
[PlyCount "77"]
[EventDate "2022.??.??"]
[WhiteTeam "SC Bad Soden"]
[BlackTeam "Frankfurter TV 1860"]

1. e4 e5 2. Nf3 Nc6 3. Bc4 Nf6 4. Nc3 Bb4 5. d3 d5 6. Bb5 d4 7. Bd2 dxc3 8.
bxc3 Bd6 9. d4 O-O 10. Bxc6 bxc6 11. dxe5 Nxe4 12. exd6 cxd6 13. c4 Qb6 14. Be3
Qb4+ 15. Nd2 Ba6 16. O-O Nxd2 17. Bxd2 Qxc4 18. Re1 Rfe8 19. c3 c5 20. Qb3 Rab8
21. Rxe8+ Rxe8 22. Rb1 Qe2 23. Be3 Bd3 24. Qb8 Kf8 25. Qxd6+ Kg8 26. Qb8 h6 27.
Qxe8+ Kh7 28. Rc1 Bc4 29. Qe4+ Kg8 30. Qa8+ Kh7 31. Qxa7 Bxa2 32. Qxc5 Qg4 33.
h3 Qe4 34. c4 f5 35. Bd4 f4 36. Bxg7 Kxg7 37. Qa7+ Kg6 38. Qxa2 Qf5 39. Qc2 1-0

[Event "Sparkassen-Open J"]
[Site "Heusenstamm, Martinsee"]
[Date "2022.11.19"]
[Round "3.19"]
[White "Shanmuganathan, Adhav"]
[Black "Pogge von Strandmann, Paul"]
[Result "1-0"]
[WhiteElo "1094"]
[BlackElo "939"]
[PlyCount "37"]
[EventDate "2022.??.??"]
[WhiteTeam "SV 1934 Ffm-Griesheim"]
[BlackTeam "SK Marburg 1931/72"]

1. e4 e5 2. Nf3 Nc6 3. Bc4 Bc5 4. c3 Nf6 5. d4 exd4 6. cxd4 Bb4+ 7. Bd2 Nxe4 8.
Bxb4 Nxb4 9. Bxf7+ Kxf7 10. Qb3+ d5 11. Qxb4 Re8 12. O-O Kg8 13. Nc3 Bg4 14.
Ne5 Rb8 15. Nxg4 Qh4 16. Ne3 Re6 17. h3 Rg6 18. Nexd5 Rf8 19. Ne7+ 1-0

[Event "Sparkassen-Open J"]
[Site "Heusenstamm, Martinsee"]
[Date "2022.11.19"]
[Round "3.20"]
[White "Paul, Jenna"]
[Black "Milman, Sophie"]
[Result "0-1"]
[WhiteElo "868"]
[BlackElo "1184"]
[PlyCount "154"]
[EventDate "2022.??.??"]
[WhiteTeam "TV-Großostheim"]
[BlackTeam "VSG 1880 Offenbach"]

1. e4 e5 2. Nf3 Nc6 3. Bb5 a6 4. Bxc6 dxc6 5. d3 Bc5 6. O-O Bg4 7. h3 Bh5 8.
Be3 Bb6 9. Bxb6 cxb6 10. Qe2 Nf6 11. Qe3 Bxf3 12. Qxf3 O-O 13. Nd2 b5 14. Rad1
Qd6 15. c4 bxc4 16. Nxc4 Qd4 17. Qe3 Rad8 18. f4 exf4 19. Rxf4 Qxe3+ 20. Nxe3
Rd7 21. Rf2 Rfd8 22. Rfd2 Nxe4 23. Re2 Rxd3 24. Rxd3 Rxd3 25. Nf5 Nf6 26. Re7
Rd7 27. Rxd7 Nxd7 28. Kf2 Kf8 29. Kf3 g6 30. Nd6 b5 31. Kf4 Ke7 32. Ne4 Nf6 33.
Ng5 h6 34. Nf3 Ke6 35. Nd4+ Kd5 36. Nb3 Nd7 37. g4 f6 38. h4 c5 39. a3 Ne5 40.
g5 hxg5+ 41. hxg5 fxg5+ 42. Kxg5 Nc4 43. Kxg6 Nxb2 44. Kf7 c4 45. Nc1 a5 46.
Ke7 b4 47. axb4 axb4 48. Ne2 c3 49. Nf4+ Kd4 50. Ne6+ Kd3 51. Nc5+ Kc4 52. Ne4
c2 53. Nd2+ Kd3 54. Nb3 Kc3 55. Nc1 Kd2 56. Nb3+ Kd1 57. Kd7 c1=Q 58. Nxc1 Kxc1
59. Kc6 Nd1 60. Kc5 b3 61. Kc4 b2 62. Kc5 b1=Q 63. Kd5 Qb4 64. Ke5 Kd2 65. Kd5
Ke3 66. Ke5 Qd4+ 67. Kf5 Kf3 68. Kg5 Qf4+ 69. Kg6 Qe5 70. Kh6 Qf5 71. Kg7 Qe6
72. Kh7 Qf6 73. Kg8 Qe7 74. Kh8 Kg4 75. Kg8 Kg5 76. Kh8 Kg6 77. Kg8 Qg7# 0-1

[Event "Sparkassen-Open J"]
[Site "Heusenstamm, Martinsee"]
[Date "2022.11.19"]
[Round "3.21"]
[White "Beier, Martin"]
[Black "Kollmer, Otto"]
[Result "0-1"]
[WhiteElo "1178"]
[BlackElo "880"]
[PlyCount "74"]
[EventDate "2022.??.??"]
[WhiteTeam "SK Bad Homburg 1927"]
[BlackTeam "VSG 1880 Offenbach"]

1. e4 e5 2. Nf3 Nc6 3. d4 exd4 4. Bc4 h6 5. Nxd4 Bc5 6. Bxf7+ Kxf7 7. Qh5+ Kf8
8. Qxc5+ d6 9. Qc4 Nf6 10. Nc3 Qe7 11. O-O Bg4 12. Bf4 Re8 13. Rfe1 Qd7 14.
Nxc6 bxc6 15. f3 Be6 16. Qd3 Re7 17. Rad1 Kf7 18. e5 Nd5 19. Nxd5 cxd5 20. exd6
cxd6 21. Qa3 Rd8 22. Be3 Kg8 23. Rd3 Qb7 24. c4 Red7 25. cxd5 Bxd5 26. Red1 Bc6
27. Rxd6 Qc7 28. Bf4 Qc8 29. Rc1 Qb7 30. Rcxc6 Rf8 31. Bg3 Rdf7 32. Qb3 Qe7 33.
Qc4 Kh8 34. Qd4 Qe8 35. Rxh6+ Kg8 36. Rhg6 Qe7 37. Bd6 Qe1# 0-1

[Event "Sparkassen-Open J"]
[Site "Heusenstamm, Martinsee"]
[Date "2022.11.19"]
[Round "3.22"]
[White "Wilczek, Jan-Philipp"]
[Black "Vasudevan, Ananya"]
[Result "1-0"]
[WhiteElo "1157"]
[BlackElo "874"]
[PlyCount "73"]
[EventDate "2022.??.??"]
[WhiteTeam "SC Bad Soden"]
[BlackTeam "SK Langen"]

1. e4 g6 2. Nf3 Bg7 3. Bc4 h6 4. c3 e6 5. d4 d5 6. exd5 exd5 7. Qe2+ Be6 8. Bb3
Nc6 9. O-O Nge7 10. h3 g5 11. Ba4 g4 12. Ne5 gxh3 13. g3 Rb8 14. Nd2 h5 15.
Ndf3 f6 16. Nxc6 Nxc6 17. Qxe6+ Kf8 18. Bxc6 bxc6 19. Qxc6 Rh6 20. Bxh6 Bxh6
21. Qc5+ Ke8 22. Rae1+ Kd7 23. Qxd5+ Kc8 24. Qe6+ Kb7 25. Qe4+ Kc8 26. Qe8 Kb7
27. Qxh5 Bf8 28. Qxh3 Qd5 29. Qg2 Qxa2 30. Ne5+ Kc8 31. Nc6 Rxb2 32. Re8+ Kb7
33. Nb4+ Kb6 34. Nxa2 Rxa2 35. Rb8+ Ka6 36. Qc6+ Ka5 37. Qb5# 1-0

[Event "Sparkassen-Open J"]
[Site "Heusenstamm, Martinsee"]
[Date "2022.11.19"]
[Round "3.23"]
[White "Liu, Jonas"]
[Black "Avhopulo, Kirill"]
[Result "0-1"]
[WhiteElo "834"]
[BlackElo "1143"]
[PlyCount "41"]
[EventDate "2022.??.??"]
[WhiteTeam "SV Oberursel"]
[BlackTeam "SK Marburg 1931/72"]

1. e4 e5 2. Nf3 Nc6 3. Bc4 Bc5 4. c3 Nf6 5. d4 exd4 6. b4 Be7 7. e5 Ng4 8. Nxd4
Ngxe5 9. Nxc6 dxc6 10. Bb3 Qxd1+ 11. Kxd1 Bf5 12. Bf4 Nd3 13. Bg3 O-O-O 14. Ke2
f6 15. Nd2 Bd6 16. Rad1 Bxg3 17. hxg3 Rhe8+ 18. Kf1 Re7 19. Nf3 Ne5 20. Re1
Bd3+ 21. Kg1 0-1

[Event "Sparkassen-Open J"]
[Site "Heusenstamm, Martinsee"]
[Date "2022.11.19"]
[Round "3.27"]
[White "Wolf, Helena"]
[Black "Löffelholz, Jonas"]
[Result "1/2-1/2"]
[WhiteElo "741"]
[BlackElo "1077"]
[PlyCount "149"]
[EventDate "2022.??.??"]
[WhiteTeam "SK Bad Homburg 1927"]
[BlackTeam "1. Eichsfelder Sportclub"]

1. e4 e5 2. Nf3 Nf6 3. Nxe5 d6 4. Nf3 Nxe4 5. Qe2 Qe7 6. Nc3 Nxc3 7. Qxe7+ Bxe7
8. bxc3 O-O 9. Bc4 Nc6 10. O-O Bf5 11. d3 Bf6 12. Rb1 b6 13. Bd2 Rae8 14. Bb5
Re2 15. Rbd1 Ne5 16. Nd4 Bg4 17. h3 Nf3+ 18. Kh1 Nxd4 19. cxd4 Bf5 20. Rfe1
Rxe1+ 21. Rxe1 Bxd4 22. Kg1 c5 23. Bg5 f6 24. Bc4+ Kh8 25. Bf4 g5 26. Bxd6 Rd8
27. Be7 Rc8 28. Ba6 Rc6 29. Bb5 Re6 30. Rxe6 Bxe6 31. Kf1 Bxa2 32. Bd6 h5 33.
Bb8 a5 34. Ba7 f5 35. Bxb6 Bb1 36. Bxa5 Bxc2 37. Ke2 Bb3 38. Bd2 f4 39. g3 Be5
40. Kf3 Bd5+ 41. Ke2 f3+ 42. Kf1 g4 43. hxg4 hxg4 44. Bd7 c4 45. dxc4 Bxc4+ 46.
Ke1 Be2 47. Bxg4 Kh7 48. Bf5+ Kg7 49. g4 Kf6 50. Be4 Ke6 51. g5 Kf7 52. g6+ Kg7
53. Bb4 Kg8 54. Kd2 Bd4 55. Ke1 Kg7 56. Bd2 Bf6 57. Bf5 Bb2 58. Be3 Be5 59. Kd2
Kf6 60. Be4 Kg7 61. Kc2 Kf6 62. Bh6 Bd4 63. g7 Bc4 64. Bxf3 Kg6 65. Be3 Bxg7
66. Be4+ Kh5 67. f4 Bh6 68. Kc3 Be6 69. Kd4 Bg7+ 70. Kc5 Kg4 71. Kd6 Bc8 72.
Ke7 Bh6 73. f5 Bxf5 74. Bxf5+ Kxf5 75. Bxh6 1/2-1/2